| 000 | 00409nam a2200169Ia 4500 | ||
|---|---|---|---|
| 003 | GCL | ||
| 008 | 140319s9999 xx 000 0 eng d | ||
| 040 |
_aGCL / _cGCL |
||
| 082 | 0 | 4 |
_a322.42 _bH E |
| 100 | 1 | _aHOBSFWM, E.J. | |
| 245 | 1 | 0 |
_aL'ERE DES REVOLUTIONS / _cHOBSFWM, E.J. |
| 260 |
_a[S.N] : _bFAYARD |
||
| 300 | _a432 P | ||
| 650 | 0 | 4 | _aREVOLUTION |
| 650 | 0 | 4 | _aPOLITICAL ACTIVITIES |
| 942 |
_2ddc _cBK |
||
| 999 |
_c24471 _d24471 |
||